| 000 | 00623nam a22002057a 4500 | ||
|---|---|---|---|
| 003 | OSt | ||
| 005 | 20140310182352.0 | ||
| 008 | 130930t xxu||||| |||| 00| 0 eng d | ||
| 020 | _a9789715693790 | ||
| 050 |
_aPN 6071 _b.C5 2000 |
||
| 082 |
_aGS 808.89 _bM11 2000 |
||
| 100 |
_aMaranan, E.B. _922202 |
||
| 245 |
_aThe Jinx,the dolphin,and the deep sea mystery / _cE.B. Maranan ; illustrations by Girlie Aragon. |
||
| 260 |
_aMakati City : _bBookmark, _c2000 |
||
| 300 |
_a30 p. : _bill. col. ; _c23 cm. |
||
| 650 |
_aChildren's stories _93210 |
||
| 650 |
_aAragon,Girlie _922203 |
||
| 942 |
_2lcc _cBK-GS |
||
| 999 |
_c12382 _d12382 |
||